<?xml version="1.0" encoding="UTF-8"?>
<collection xmlns="http://www.loc.gov/MARC21/slim">
<record>
  <controlfield tag="001">2939</controlfield>
  <controlfield tag="005">20160919150128.0</controlfield>
  <datafield tag="037" ind1=" " ind2=" ">
    <subfield code="a">OUTRART-2016-0010</subfield>
  </datafield>
  <datafield tag="100" ind1=" " ind2=" ">
    <subfield code="a">Van Camp, M.</subfield>
  </datafield>
  <datafield tag="245" ind1=" " ind2=" ">
    <subfield code="a">Les yeux et les oreilles de Daily Science: Gravitation: en soirée, les arbres de l’Hertogenwald se font plus… légers</subfield>
  </datafield>
  <datafield tag="260" ind1=" " ind2=" ">
    <subfield code="c">2016</subfield>
  </datafield>
  <datafield tag="520" ind1=" " ind2=" ">
    <subfield code="a">Gravitation: en soirée, les arbres de l’Hertogenwald se font plus… légers C’est une découverte de l’Observatoire royal de Belgique (ORB). Ou plus exactement une mesure d’une telle finesse qu’elle n’avait jamais été réalisée dans le monde auparavant. En utilisant un gravimètre, un appareil qui mesure les variations de pesanteur, le Dr Michel Van Camp, chef du service de sismologie-gravimétrie de l’Observatoire royal de Belgique, a pu mesurer l’évolution de la pesanteur locale au fur et à mesure que les arbres respiraient…. Un exploit!</subfield>
  </datafield>
  <datafield tag="594" ind1=" " ind2=" ">
    <subfield code="a">NO</subfield>
  </datafield>
  <datafield tag="700" ind1=" " ind2=" ">
    <subfield code="a">Dubrulle, C.</subfield>
  </datafield>
  <datafield tag="773" ind1=" " ind2=" ">
    <subfield code="p">Daily Science</subfield>
    <subfield code="v">18/09/2016</subfield>
    <subfield code="y">2016</subfield>
  </datafield>
  <datafield tag="856" ind1="0" ind2=" ">
    <subfield code="f">michel.vancamp@observatoire.be</subfield>
  </datafield>
  <datafield tag="856" ind1="4" ind2="2">
    <subfield code="a">http://dailyscience.be/2016/09/18/les-yeux-et-les-oreilles-de-daily-science-69/</subfield>
  </datafield>
  <datafield tag="980" ind1=" " ind2=" ">
    <subfield code="a">OUTRART</subfield>
  </datafield>
</record>
</collection>